Karyalay aru adalatiya karyabalir abhash (Record no. 6756)

MARC details
000 -LEADER
fixed length control field 00514cam a2200193ua 4500
008 - FIXED-LENGTH DATA ELEMENTS--GENERAL INFORMATION
fixed length control field 141218n ii |||gr||||Z||||||asm
040 ## - CATALOGING SOURCE
Transcribing agency MAIN
041 ## - LANGUAGE CODE
-- asm
082 ## - DEWEY DECIMAL CLASSIFICATION NUMBER
Classification number 491.45103
100 ## - MAIN ENTRY--PERSONAL NAME
Personal name Barman, S. Kr.,
Relator term
245 1# - TITLE STATEMENT
Title Karyalay aru adalatiya karyabalir abhash
Statement of responsibility, etc. Edited by Surendra Kumar Barman
250 ## - EDITION STATEMENT
Edition statement 1st.
260 ## - PUBLICATION, DISTRIBUTION, ETC.
Place of publication, distribution, etc. Dibrugarh:
Name of publisher, distributor, etc. Kaustabh,
Date of publication, distribution, etc. 2001.
300 ## - PHYSICAL DESCRIPTION
Extent 136p.
942 ## - ADDED ENTRY ELEMENTS (KOHA)
Koha item type Books
653 ## - INDEX TERM--UNCONTROLLED
Uncontrolled term East Indo-European & Celtic languages
653 ## - INDEX TERM--UNCONTROLLED
Uncontrolled term Assamese language
Holdings
Withdrawn status Lost status Damaged status Not for loan Home library Current library Shelving location Date acquired Total Checkouts Full call number Barcode Date last seen Copy number Price effective from Koha item type Date due Date last checked out
        Naharkatiya College Library Naharkatiya College Library General Stacks 19/09/2020   491.45103 | KAR 22617 19/09/2020 2 19/09/2020 Books    
        Naharkatiya College Library Naharkatiya College Library General Stacks 19/09/2020 1 491.45103 | KAR 22618 03/10/2024 1 19/09/2020 Books 29/10/2024 03/10/2024

Naharkatiya College © 2020. All rights reserved.

Powered By